| 000 | 00389nam a2200133Ia 4500 | ||
|---|---|---|---|
| 008 | 170516s9999 xx 000 0 und d | ||
| 245 | _aGlycoproteomic Study Reveals Altered Plasma Proteins Associated with HIV Elite Suppressors | ||
| 260 | _bTheranostics | ||
| 260 | _c2014 | ||
| 300 | _a4:12 | ||
| 650 | _xMedical Technology | ||
| 650 | _xMedtech | ||
| 856 | _uhttp://www.thno.org/v4i12 | ||
| 999 |
_c330290 _d330290 |
||